Faculty of Law Library — Cairo University

Official Online Catalog

المسئولية الدولية عن الأضرار الناجمة عن تلوث المجارى المائية الدولية / (Record no. 68431)

MARC details
000 -LEADER
fixed length control field 01338nam a2200301 i 4500
003 - CONTROL NUMBER IDENTIFIER
control field EG-GICUC
005 - DATE AND TIME OF LATEST TRANSACTION
control field 20260402131043.0
008 - FIXED-LENGTH DATA ELEMENTS--GENERAL INFORMATION
fixed length control field 260402s1999 ua ||||fr|||| 00| 0 ara d
040 ## - CATALOGING SOURCE
Original cataloging agency EG-GICUC
Language of cataloging ara
Transcribing agency EG-GICUC
Modifying agency EG-GICUC
Description conventions rda
041 #1 - LANGUAGE CODE
Language code of text/sound track or separate title ara
082 04 - DEWEY DECIMAL CLASSIFICATION NUMBER
Edition number 21
Classification number 341.44
Item number ع ا . م
092 04 - LOCALLY ASSIGNED DEWEY CALL NUMBER (OCLC)
Edition number 21
099 ## - LOCAL FREE-TEXT CALL NUMBER (OCLC)
Classification number Law1 11 341.44 ع ا . م 1999
100 0# - MAIN ENTRY--PERSONAL NAME
Personal name عادل عبد الله المسدى
Relator term مؤلف.
245 ## - TITLE STATEMENT
Title المسئولية الدولية عن الأضرار الناجمة عن تلوث المجارى المائية الدولية /
Statement of responsibility, etc. دكتور عادل عبد الله المسدى.
264 #1 - PRODUCTION, PUBLICATION, DISTRIBUTION, MANUFACTURE, AND COPYRIGHT NOTICE
Place of production, publication, distribution, manufacture القاهرة :
Name of producer, publisher, distributor, manufacturer مجلة البحوث القانونية والاقتصادية،
Date of production, publication, distribution, manufacture, or copyright notice 1999.
300 ## - PHYSICAL DESCRIPTION
Extent 201 - 288 صفحة،
Dimensions 24 سم.
336 ## - CONTENT TYPE
Source rda content
Content type term text
337 ## - MEDIA TYPE
Source rda media
Media type term Computer
338 ## - CARRIER TYPE
Source rda carrier
Carrier type term Online Resource
500 ## - GENERAL NOTE
General note مستلة مستخرجة من مجلة<br/>البحوث القانونية والاقتصادية<br/>السنة الرابعة عشرة<br/>عدد يونيو ٢٠٠٠
504 ## - BIBLIOGRAPHY, ETC. NOTE
Bibliography, etc. note . 288-285ببليوجرافيا: صفحات.
546 ## - LANGUAGE NOTE
Language note النص باللغة العربية
650 14 - SUBJECT ADDED ENTRY--TOPICAL TERM
Topical term or geographic name entry element القانون الدولي العام
856 40 - ELECTRONIC LOCATION AND ACCESS
Uniform Resource Identifier <a href="https://fll.law.cu.edu.eg/fulltext/bks/B11-08160.pdf">https://fll.law.cu.edu.eg/fulltext/bks/B11-08160.pdf</a>
905 ## - Cataloger and Reviser Names
Cataloger Name: Basma Mohamed
942 ## - ADDED ENTRY ELEMENTS (KOHA)
Source of classification or shelving scheme Dewey Decimal Classification
Koha item type Books
Edition 21
Suppress in OPAC No
Holdings
Withdrawn status Lost status Source of classification or shelving scheme Damaged status Not for loan Collection Home library Current library Date acquired Total checkouts Full call number Barcode Date last seen Copy number Price effective from Koha item type
    Dewey Decimal Classification   Not for loan القانون الدولي العام جــــامعة القــاهرة مكتبة كلية الحقوق - المبنى الرئيسي 02.04.2026   Law1 11 341.44 ع ا . م 1999 1108160 C1 B11-08160 02.04.2026 1 02.04.2026 Books
    Dewey Decimal Classification     القانون الدولي العام جــــامعة القــاهرة مكتبة كلية الحقوق - المبنى الرئيسي 02.04.2026   Law1 11 341.44 ع ا . م 1999 1108162 C2 B11-08162 02.04.2026 2 02.04.2026 Books

© All rights reserved — Faculty of Law, Cairo University